Code Cracker! Quiz Stats

 Plays Quiz Updated Jul 13, 2017

Support Sporcle.
Go Orange.
Score 0/188 Timer 04:00
13 Plays Today
% Correct
✔​​​
100%
✔​​​
100%
V​
100%
V​
100%
V​
100%
W​
100%
V​
100%
✔​​​
88.8%
E​
88.8%
E​
88.8%
E​
88.8%
E​
88.8%
E​
88.8%
E​
88.8%
E​
88.8%
E​
88.8%
E​
88.8%
E​
88.8%
E​
88.8%
E​
88.8%
E​
88.8%
E​
88.8%
E​
88.8%
E​
88.8%
E​
88.8%
E​
88.8%
E​
88.8%
✔​​​
87.7%
A​
87.7%
A​
87.7%
A​
87.7%
A​
87.7%
A​
87.7%
A​
87.7%
A​
87.7%
A​
87.7%
A​
87.7%
A​
87.7%
A​
87.7%
A​
87.7%
A​
87.7%
A​
87.7%
A​
87.7%
A​
87.7%
A​
87.7%
A​
87.7%
✔​​​
87.5%
S​
87.5%
S​
87.5%
S​
87.5%
S​
87.5%
S​
87.5%
S​
87.5%
S​
87.5%
S​
87.5%
S​
87.5%
S​
87.5%
S​
87.5%
S​
87.5%
✔​​
86.4%
I​
86.4%
I​
86.4%
I​
86.4%
% Correct
I​
86.4%
I​
86.4%
I​
86.4%
I​
86.4%
I​
86.4%
I​
86.4%
I​
86.4%
I​
86.4%
✔​​​
86%
R​
86%
R​
86%
R​
86%
R​
86%
R​
86%
R​
86%
R​
86%
R​
86%
R​
86%
✔​​​
85.2%
O​
85.2%
O​
85.2%
O​
85.2%
O​
85.2%
O​
85.2%
O​
85.2%
O​
85.2%
O​
85.2%
O​
85.2%
O​
85.2%
✔​​
84.9%
L​
84.9%
L​
84.9%
L​
84.9%
L​
84.9%
L​
84.9%
L​
84.9%
L​
84.9%
L​
84.9%
L​
84.9%
L​
84.9%
✔​​​
84.8%
T​
84.8%
T​
84.8%
T​
84.8%
T​
84.8%
T​
84.8%
T​
84.8%
T​
84.8%
T​
84.8%
T​
84.8%
T​
84.8%
T​
84.8%
✔​​​
84.7%
N​
84.7%
N​
84.7%
N​
84.7%
N​
84.7%
N​
84.7%
N​
84.7%
N​
84.7%
N​
84.7%
✔​​
83.9%
C​
83.9%
% Correct
C​
83.9%
C​
83.9%
C​
83.9%
C​
83.9%
✔​​​
83.6%
D​
83.6%
D​
83.6%
D​
83.6%
D​
83.6%
D​
83.6%
D​
83.6%
D​
83.6%
D​
83.6%
D​
83.6%
D​
83.6%
✔​​​
82.8%
G​
82.8%
G​
82.8%
G​
82.8%
G​
82.8%
✔​​​
81.8%
P​
81.8%
P​
81.8%
P​
81.8%
P​
81.8%
✔​​​
81.3%
Y​
81.3%
Y​
81.3%
✔​​
79.5%
B​
79.5%
B​
79.5%
B​
79.5%
✔​​​
79.4%
M​
79.4%
M​
79.4%
M​
79.4%
M​
79.4%
M​
79.4%
M​
79.4%
✔​​​
76.3%
F​
76.3%
F​
76.3%
✔​​​
76%
H​
76%
H​
76%
H​
76%
H​
76%
✔​​​
75.6%
U​
75.6%
U​
75.6%
U​
75.6%
✔​​​
73.8%
K​
73.8%
K​
73.8%
✔​​
70.7%
J​
70.7%
✔​​​
69.1%
Z​
69.1%
✔​​
67.5%
X​
67.5%
✔​​​
65.5%
Q​
65.5%

You're not logged in!

Compare scores with friends on all Sporcle quizzes.
OR
Log In

From the Vault

Books for Dummies

by slipkid

If you're a dummy, have we got a book for you! (More than one, actually.)
Remove Ads.
Support Sporcle.
Get the best of Sporcle when you Go Orange. This ad-free experience offers more features, more stats, and more fun while also helping to support Sporcle. Thank you for becoming a member.

Show Comments

Extras

Top Quizzes Today


Score Distribution

Your Account Isn't Verified!

In order to create a playlist on Sporcle, you need to verify the email address you used during registration. Go to your Sporcle Settings to finish the process.

Report this User

Report this user for behavior that violates our Community Guidelines.

Details: